| 000 | 00616nam a22001695i 4500 | ||
|---|---|---|---|
| 001 | 162688 | ||
| 003 | ES-MaACL | ||
| 005 | 20230906212559.0 | ||
| 008 | 050620s1878 sp | |||||||| ||spa d | ||
| 040 |
_aCAM _bspa _cCAM |
||
| 100 | 1 |
_aPuerta Vizcaíno, Juan de la. _9131405 |
|
| 245 | 1 | 0 |
_aMadrid por Alfonso VI _b: leyenda histórica / _cpor Juan de la Puerta Vizcaíno. |
| 260 |
_aPozuelo de Alarcón (Madrid) : _b[s.n.], _c1878. |
||
| 300 |
_a[10] p. ; _c42 cm. |
||
| 597 | _aPort. a dos tintas y texto en letra gótica a dos col. | ||
| 852 |
_aES-MaACL _jT-770-F-13 _z-- Enc. hol. _z-- Enc. en un vol. facticio |
||
| 999 |
_c162688 _d162688 |
||